|
|
|
|
| LEADER |
00000nam0a2200000 4500 |
| 001 |
231467 |
| 005 |
20231101231104.0 |
| 035 |
|
|
|a (RuTPU)RU\TPU\book\252487
|
| 035 |
|
|
|a RU\TPU\book\252486
|
| 090 |
|
|
|a 231467
|
| 100 |
|
|
|a 20130201d1945 k y0rusy50 ca
|
| 101 |
0 |
|
|a rus
|
| 102 |
|
|
|a RU
|
| 105 |
|
|
|a a z 001zy
|
| 200 |
1 |
|
|a Основания для выбора систем подземной разработки месторождений цветных металлов
|f К. М. Чарквиани
|g Академия наук СССР (АН СССР), Уральский филиал (УФ), Горно-геологический институт
|
| 210 |
|
|
|a Свердловск
|c Изд-во УрО Ан СССР
|d 1945
|
| 215 |
|
|
|a 155 с.
|c ил.
|
| 225 |
1 |
|
|a Труды Горно-геологического института
|v Вып. 7
|
| 317 |
|
|
|5 63413507: КР-814
|a Поступила в НТБ в 2004 г. в составе книжного собрания профессора ТПИ К. В. Радугина
|
| 320 |
|
|
|a Библиогр.: с. 149-152.
|
| 320 |
|
|
|a Указатель таблиц: с. 153.
|
| 606 |
1 |
|
|a Руды цветных металлов
|x Системы разработки, подземная
|2 stltpush
|3 (RuTPU)RU\TPU\subj\26288
|9 50253
|
| 610 |
1 |
|
|a рудные месторождения
|
| 610 |
1 |
|
|a цветные металлы
|
| 610 |
1 |
|
|a подземная разработка
|
| 610 |
1 |
|
|a безопасность
|
| 610 |
1 |
|
|a эффективность
|
| 610 |
1 |
|
|a экономичность
|
| 610 |
1 |
|
|a селективность
|
| 610 |
1 |
|
|a системы разработки
|
| 610 |
1 |
|
|a сравнительный анализ
|
| 610 |
1 |
|
|a библиотека К. В. Радугина
|
| 675 |
|
|
|a 622.342/.349:622.272
|v 3
|
| 700 |
|
1 |
|a Чарквиани
|b К. М.
|
| 712 |
0 |
2 |
|a Академия наук СССР (АН СССР)
|b Уральский филиал (УФ)
|b Горно-геологический институт
|c (Свердловск)
|c (1939-1962)
|2 stltpush
|3 (RuTPU)RU\TPU\col\18550
|
| 801 |
|
1 |
|a RU
|b 63413507
|c 20130130
|
| 801 |
|
2 |
|a RU
|b 63413507
|c 20181010
|g RCR
|
| 942 |
|
|
|c BK
|